000 00430nam a2200145 i 4500
001 88409
003 ES-MaACL
007 t|
008 050104s1972 sp ||||1| spa d
100 1 _aLakatos, Eugenio.
_969713
245 1 3 _aLa religión verdadera
_b: estudio exegético del Salmo 50 /
_cEugenio Lakatos.
260 _aMadrid :
_bCasa de la Biblia,
_c1972.
300 _a166 p. ;
_c21 cm.
852 _aES-MaACL
_jE-7742
_bR.91787
999 _c88409
_d88409